Capitals of Africa (Very Hard +) - Statistics

General Stats
  • This quiz has been taken 33 times
    6 since last reset
  • The average score is 59 of 67
Answer Stats
Country Capital % Correct
Nigeria Abuja
100%
Ghana Accra
100%
Ethiopia Addis Ababa
100%
Algeria Algiers
100%
Madagascar Antananarivo
100%
Eritrea Asmara
100%
Mali Bamako
100%
Central African Republic Bangui
100%
The Gambia Banjul
100%
Guinea-Bissau Bissau
100%
South Africa Bloemfontein/Cape Town/Pretoria
100%
Republic of the Congo Brazzaville
100%
Egypt Cairo
100%
Guinea Conakry
100%
Senegal Dakar
100%
Djibouti Djibouti
100%
Tanzania Dodoma
100%
Sierra Leone Freetown
100%
Botswana Gaborone
100%
Zimbabwe Harare
100%
South Sudan Juba
100%
Uganda Kampala
100%
Sudan Khartoum
100%
Rwanda Kigali
100%
Democratic Republic of the Congo Kinshasa
100%
Gabon Libreville
100%
Malawi Lilongwe
100%
Togo Lomé
100%
Angola Luanda
100%
Zambia Lusaka
100%
Mozambique Maputo
100%
Somalia Mogadishu
100%
Liberia Monrovia
100%
Comoros Moroni
100%
Kenya Nairobi
100%
Chad N'Djamena
100%
Niger Niamey
100%
Mauritania Nouakchott
100%
Burkina Faso Ouagadougou
100%
Benin Porto-Novo
100%
Cape Verde Praia
100%
Morocco Rabat
100%
São Tomé and Príncipe São Tomé
100%
Libya Tripoli
100%
Tunisia Tunis
100%
Namibia Windhoek
100%
Ivory Coast Yamoussoukro/Abidjan
100%
Cameroon Yaoundé
100%
Burundi Gitega
83%
Lesotho Maseru
83%
Mauritius Port Louis
83%
Yemen (Socotra) Sanaa
83%
Seychelles Victoria
83%
Equatorial Guinea Ciudad de la Paz
67%
Portugal (Madeira) Lisbon
67%
Spain (Canary Islands) Madrid
67%
Eswatini Mbabane
67%
Italy(Pelagie Islands) Rome
67%
Somaliland Hargeisa
50%
Réunion Saint Denis
50%
Zanzibar Zanzibar
50%
Tristan da Cunha Edinburgh of the Seven Seas
33%
Saint Helena Jamestown
33%
Mayotte Mamoudzou
33%
Sahrawi Arab Democratic Republic El Aaiún
17%
Ascension Georgetown
17%
French Southern Territories Saint Pierre
17%
No matching quizzes found
Score Distribution
Percent of People with Each Score
Percentile by Number Answered
Your Score History
You have not taken this quiz since the last reset